[Event "SC Gronau 2 - SF Reckenfeld 1"]
[Site "Verbandsklasse 2019/2020"]
[Date "2020.02.15"]
[Round "6.7"]
[White "Roewekamp, Andre"]
[Black "Schlueter, Gerhard"]
[Result "1/2-1/2"]
[WhiteElo "1622"]
[BlackElo "1655"]
[PlyCount "37"]
[EventDate "2020.??.??"]
[SourceDate "2019.09.20"]

1. e4 e5 2. Nf3 Nc6 3. Bc4 Be7 4. O-O Nf6 5. Nc3 O-O 6. d3 d6 7. h3 h6 8. Ne2
Nh7 9. Ng3 Ng5 10. Nxg5 Bxg5 11. f4 exf4 12. Bxf4 Bxf4 13. Rxf4 Qg5 14. Qf3 Ne5
15. Qf2 Nxc4 16. dxc4 Qe5 17. Rb1 Be6 18. b3 a5 19. a4 1/2-1/2

[Event "SC Gronau 2 - SF Reckenfeld 1"]
[Site "Verbandsklasse 2019/2020"]
[Date "2020.02.15"]
[Round "6.8"]
[White "Baer, Klaus"]
[Black "Roewekamp, Helmut"]
[Result "1/2-1/2"]
[WhiteElo "1620"]
[BlackElo "1590"]
[PlyCount "50"]
[EventDate "2020.??.??"]
[SourceDate "2019.09.20"]

1. d4 d5 2. Bf4 e6 3. e3 Bd6 4. Bg3 Nf6 5. Bd3 c6 6. Nd2 Qc7 7. Bxd6 Qxd6 8.
Ngf3 Nbd7 9. O-O e5 10. dxe5 Nxe5 11. Be2 O-O 12. c4 Be6 13. Qc2 dxc4 14. Nxc4
Nxc4 15. Bxc4 Bxc4 16. Qxc4 Rad8 17. Qc2 Qd3 18. Rac1 a6 19. Nd4 Qe4 20. Qxe4
Nxe4 21. Rfd1 Rd7 22. Nf3 Rfd8 23. Rxd7 Rxd7 24. Nd4 g6 25. f3 Nf6 1/2-1/2

[Event "SC Rochade Emsdetten 3 - SK Ochtrup 1"]
[Site "Verbandsklasse 2019/2020"]
[Date "2020.02.15"]
[Round "6.1"]
[White "Jacob, Helmut"]
[Black "Gerighausen, Karl Heinz"]
[Result "1/2-1/2"]
[WhiteElo "2028"]
[BlackElo "1692"]
[PlyCount "86"]
[EventDate "2020.??.??"]
[SourceDate "2019.09.20"]

1. e4 c5 2. d4 cxd4 3. c3 g6 4. cxd4 d5 5. exd5 Nf6 6. Nc3 Bg7 7. Qb3 O-O 8.
Bc4 Nbd7 9. Nge2 Nb6 10. O-O Bf5 11. Ng3 Bc8 12. Bf4 a6 13. Rfe1 Nxc4 14. Qxc4
b5 15. Qc5 Re8 16. Rad1 Bb7 17. d6 exd6 18. Qxd6 Qxd6 19. Bxd6 Nd5 20. Nge2 Re6
21. Bg3 Rae8 22. Kf1 Bh6 23. Nxd5 Bxd5 24. b3 Bxg2+ 25. Kxg2 Rxe2 26. Rxe2 Rxe2
27. d5 Re7 28. Kf3 f5 29. d6 Rd7 30. a4 bxa4 31. bxa4 Kf7 32. Rd5 f4 33. Bxf4
Bxf4 34. Kxf4 Ke6 35. Rd3 Rf7+ 36. Kg5 Rf5+ 37. Kg4 Kd7 38. f4 h5+ 39. Kg3 Rc5
40. Rd4 a5 41. Kf3 Rc3+ 42. Kg2 Rc5 43. Kg3 Rc3+ 1/2-1/2

[Event "SC Rochade Emsdetten 3 - SK Ochtrup 1"]
[Site "Verbandsklasse 2019/2020"]
[Date "2020.02.15"]
[Round "6.2"]
[White "Bahr, Maximilian"]
[Black "Moor, Daniel"]
[Result "1-0"]
[WhiteElo "1738"]
[BlackElo "1899"]
[PlyCount "81"]
[EventDate "2020.??.??"]
[SourceDate "2019.09.20"]

1. d4 Nf6 2. c4 e5 3. dxe5 Ng4 4. Nf3 Bc5 5. e3 Nc6 6. Nc3 Ngxe5 7. Nxe5 Nxe5
8. b3 O-O 9. Be2 Re8 10. O-O a5 11. Bb2 Ra6 12. Qc2 Rh6 13. Ne4 Bf8 14. Ng3 d6
15. Rfd1 Qh4 16. h3 c5 17. Bd3 Bxh3 18. Bxe5 Bxg2 19. Kxg2 Qh3+ 20. Kf3 Rxe5
21. Rh1 Rf6+ 22. Ke2 Qg4+ 23. Ke1 g6 24. Qe2 Rxe3 25. Qxe3 Re6 26. Ne4 f5 27.
Nf6+ Rxf6 28. Kd2 f4 29. Qh3 Qxh3 30. Rxh3 h6 31. Re1 Kf7 32. Be4 b6 33. Bd5+
Kg7 34. Re8 g5 35. f3 Kg6 36. Be4+ Kf7 37. Rb8 Be7 38. Rxb6 Ke8 39. Ra6 Bd8 40.
Ra7 Re6 41. Kd3 1-0

[Event "SC Rochade Emsdetten 3 - SK Ochtrup 1"]
[Site "Verbandsklasse 2019/2020"]
[Date "2020.02.15"]
[Round "6.3"]
[White "Schwietering, Ralf"]
[Black "Fuhrmann, Andreas"]
[Result "1/2-1/2"]
[WhiteElo "1817"]
[BlackElo "1651"]
[PlyCount "68"]
[EventDate "2020.??.??"]
[SourceDate "2019.09.20"]

1. c4 e6 2. e4 d5 3. cxd5 exd5 4. e5 c5 5. f4 Nc6 6. Bb5 Nh6 7. Nf3 a6 8. Bxc6+
bxc6 9. Qa4 Bd7 10. d3 Qb6 11. Nc3 Be7 12. Rb1 Qb4 13. Qxb4 cxb4 14. Na4 Bf5
15. Ke2 c5 16. Be3 c4 17. Ne1 O-O 18. Nb6 Rad8 19. Rc1 d4 20. Bf2 c3 21. Nf3
Bc5 22. Na4 Ba7 23. h3 Bd7 24. b3 Bc6 25. Rhg1 Nf5 26. g4 Ne3 27. Nxd4 Bxa4 28.
Bxe3 Bxd4 29. bxa4 Rfe8 30. Bxd4 Rxd4 31. Ke3 Red8 32. Rgd1 a5 33. Rc2 Kf8 34.
h4 Ke7 1/2-1/2

[Event "SC Rochade Emsdetten 3 - SK Ochtrup 1"]
[Site "Verbandsklasse 2019/2020"]
[Date "2020.02.15"]
[Round "6.4"]
[White "Wessendorf, Klaus"]
[Black "Boshe Plois, Stefan"]
[Result "0-1"]
[WhiteElo "1624"]
[BlackElo "1802"]
[PlyCount "56"]
[EventDate "2020.??.??"]
[SourceDate "2019.09.20"]

1. e4 c5 2. Nf3 d6 3. d4 cxd4 4. Nxd4 Nf6 5. Nc3 a6 6. Be2 e5 7. Nf5 Nxe4 8.
Nxg7+ Bxg7 9. Nxe4 d5 10. Ng5 h6 11. Nf3 Nc6 12. c3 Be6 13. O-O O-O 14. Be3 f5
15. g3 Kh7 16. Qd2 Qf6 17. Kh1 Rad8 18. Rad1 d4 19. Ng5+ hxg5 20. Bxg5 Qg6 21.
Bxd8 Rxd8 22. cxd4 Nxd4 23. Qa5 Bd5+ 24. f3 Rd6 25. Qe1 e4 26. g4 exf3 27. Qh4+
Kg8 28. Bd3 f2+ 0-1

[Event "SC Rochade Emsdetten 3 - SK Ochtrup 1"]
[Site "Verbandsklasse 2019/2020"]
[Date "2020.02.15"]
[Round "6.5"]
[White "Schmerling, Janek"]
[Black "Willermann, Norbert"]
[Result "1-0"]
[WhiteElo "1676"]
[BlackElo "1597"]
[PlyCount "99"]
[EventDate "2020.??.??"]
[SourceDate "2019.09.20"]

1. e4 c5 2. d4 cxd4 3. c3 dxc3 4. Nxc3 Nc6 5. Nf3 e6 6. Bc4 a6 7. a4 Bb4 8. O-O
Nge7 9. Qe2 O-O 10. Rd1 Qc7 11. g3 Bxc3 12. bxc3 Na5 13. Bd3 e5 14. Nh4 d6 15.
f4 Nb3 16. Rb1 Nxc1 17. Rbxc1 Bd7 18. f5 f6 19. g4 Bxa4 20. Qa2+ Kh8 21. Qxa4
d5 22. Ng2 b5 23. Qb4 Rfd8 24. Ne3 Qa7 25. Kf2 Nc6 26. Qa3 d4 27. cxd4 Nxd4 28.
Qc5 Qxc5 29. Rxc5 b4 30. Ra5 Nb3 31. Rxa6 Rab8 32. Nd5 Nc5 33. Ra4 Nxd3+ 34.
Rxd3 b3 35. Ra1 b2 36. Rb1 Rd7 37. Rd2 Rdb7 38. Ne3 h5 39. gxh5 Rb4 40. Kf3 Kh7
41. Nd1 Rb3+ 42. Kg2 R8b4 43. Re2 Kh6 44. Rbxb2 Kxh5 45. Rxb3 Rxb3 46. Re3 Rb4
47. Rh3+ Kg5 48. Kf3 Rb3+ 49. Ne3 Rb7 50. Rh7 1-0

[Event "SC Rochade Emsdetten 3 - SK Ochtrup 1"]
[Site "Verbandsklasse 2019/2020"]
[Date "2020.02.15"]
[Round "6.6"]
[White "Peters, Tobias"]
[Black "Holtmannspoetter, Thomas"]
[Result "0-1"]
[WhiteElo "1686"]
[BlackElo "1722"]
[PlyCount "70"]
[EventDate "2020.??.??"]
[SourceDate "2019.09.20"]

1. e4 c5 2. d4 cxd4 3. c3 d3 4. Bxd3 Nc6 5. Nf3 d6 6. h3 Nf6 7. c4 g6 8. Nc3
Bg7 9. Be3 O-O 10. Rc1 Nd7 11. Qe2 Nc5 12. Bb1 Be6 13. O-O Rc8 14. Rfd1 Qa5 15.
Nd5 Bxd5 16. exd5 Ne5 17. Nxe5 Bxe5 18. f4 Bg7 19. f5 Nd7 20. Bg5 Qb6+ 21. Kh1
Bxb2 22. Rc2 Bf6 23. Bxf6 exf6 24. Rb2 Qc7 25. fxg6 hxg6 26. Rd4 Rce8 27. Qd2
Kg7 28. Rh4 Rh8 29. Rf4 Ne5 30. Qf2 b6 31. Rb3 Rh6 32. Rg3 g5 33. Rf5 Qxc4 34.
Rxf6 Rxf6 35. Rxg5+ Ng6 0-1

[Event "SC Rochade Emsdetten 3 - SK Ochtrup 1"]
[Site "Verbandsklasse 2019/2020"]
[Date "2020.02.15"]
[Round "6.7"]
[White "Jacob, Barbara"]
[Black "Schmidt, Frank"]
[Result "0-1"]
[WhiteElo "1608"]
[BlackElo "1558"]
[PlyCount "96"]
[EventDate "2020.??.??"]
[SourceDate "2019.09.20"]

1. e4 c6 2. d4 d5 3. Nc3 dxe4 4. Nxe4 Bf5 5. Ng3 Bg6 6. Nf3 Nf6 7. Bd3 Bxd3 8.
Qxd3 Qa5+ 9. c3 Qa6 10. Qxa6 Nxa6 11. O-O e6 12. Re1 Be7 13. Ne5 O-O 14. Bg5
Rfe8 15. Bxf6 Bxf6 16. f4 Bh4 17. Re3 Bxg3 18. Rxg3 f6 19. Ng4 Kf7 20. Ne3 Rad8
21. Rh3 h6 22. Rf1 c5 23. Nc2 b6 24. Re3 Nc7 25. Re4 f5 26. Re5 Rd5 27. Rfe1
Red8 28. Rxd5 Nxd5 29. g3 Nc7 30. Rd1 Nb5 31. a4 Nc7 32. Ne3 Ke7 33. Nc4 Na6
34. Ne5 Nb8 35. Kf2 cxd4 36. Rxd4 Rxd4 37. cxd4 Kd6 38. Ke3 Kd5 39. Kd3 a6 40.
Nc4 Nd7 41. b4 b5 42. Ne3+ Kd6 43. a5 Nf6 44. Nd1 Nd5 45. Ne3 Nxb4+ 46. Kc3
Nd5+ 47. Nxd5 Kxd5 48. h3 h5 0-1

[Event "SC Rochade Emsdetten 3 - SK Ochtrup 1"]
[Site "Verbandsklasse 2019/2020"]
[Date "2020.02.15"]
[Round "6.8"]
[White "Pfeiffer, Erich"]
[Black "Kaiser, Guenter"]
[Result "1/2-1/2"]
[WhiteElo "1575"]
[BlackElo "1628"]
[PlyCount "56"]
[EventDate "2020.??.??"]
[SourceDate "2019.09.20"]

1. d4 d5 2. Nc3 Nf6 3. Bg5 e6 4. e4 dxe4 5. Nxe4 Be7 6. Bxf6 Bxf6 7. c3 b6 8.
Bd3 Bb7 9. Qc2 h6 10. Nf3 Nd7 11. O-O-O Qe7 12. g4 O-O-O 13. h4 g5 14. hxg5
hxg5 15. Qe2 e5 16. Rxh8 Rxh8 17. Nxf6 Qxf6 18. Nxe5 Qf4+ 19. Qe3 Qxe3+ 20.
fxe3 Nxe5 21. dxe5 Re8 22. Kc2 c5 23. Bf5+ Kb8 24. Rd7 Rxe5 25. Kd3 Rd5+ 26.
Rxd5 Bxd5 27. c4 Bc6 28. e4 f6 1/2-1/2